logo

Bir Sreshtho Munshi Abdur Rouf Library
Jhenaidah Cadet College

গাণিতিক পদ্ধতি / (Record no. 9657)

MARC details
000 -LEADER
fixed length control field 00665nam a2200217 a 4500
001 - CONTROL NUMBER
JCCL Control Number 9657v
003 - CONTROL NUMBER IDENTIFIER
JCCL marc code BD-JhCC
005 - DATE AND TIME OF LATEST TRANSACTION
control field 20180327095303.0
008 - FIXED-LENGTH DATA ELEMENTS--GENERAL INFORMATION
fixed length control field 180321s1985 bg |||| ||a| 000 0 b d
035 ## - SYSTEM CONTROL NUMBER
system control number (BD-JhCC)9657
040 ## - CATALOGING SOURCE
Original cataloging agency BD-JhCC
Modifying agency BD-JhCC
041 ## - LANGUAGE CODE
Language code of Book ben
082 ## - DEWEY DECIMAL CLASSIFICATION NUMBER
Classification number 510
Author mark and Year KHA 1985
100 ## - MAIN ENTRY--PERSONAL NAME
Personal name খালিল, প্রফেসর ফররুখ
245 ## - TITLE STATEMENT
Title গাণিতিক পদ্ধতি /
Statement of responsibility, etc প্রফেসর ফররুখ খালিল
260 ## - PUBLICATION, DISTRIBUTION, ETC. (IMPRINT)
Place of publication, distribution, etc ঢাকা:
Name of publisher, distributor, etc বাংলা একাডেমী;
Date of publication, distribution, etc 1985.
300 ## - PHYSICAL DESCRIPTION
Pagination 344 p. :
Dimensions 22 cm.
651 ## - SUBJECT ADDED ENTRY--GEOGRAPHIC NAME
Geographic name mathematical Methods
942 ## - ADDED ENTRY ELEMENTS (KOHA)
Source of classification or shelving scheme Dewey Decimal Classification
Koha item type Books
Holdings
Source of classification or shelving scheme volume number Damaged status Not for loan Home library Current library Shelving location Date of accession Cost, normal purchase price Total Checkouts Full call number Barcode Date last seen Copy number Koha item type
Dewey Decimal Classification V-2     JCC Rouf Library JCC Rouf Library General Stacks 03/21/2018 100.00   510 KHA 1985 11811 03/21/2018 C - 1 Books

JCC Library | Contacts | JCC Home

Last Update on 23 September 2017
Copyright @ 2017-2020 JCC Rouf Library
Rouf Library, Jhenidah Cadet College (JCC), Bangladesh